Library Logo

Pioneer International University Library Catalogue

THE MYSTERY OF RUKODZI MOUNTAIN (Record no. 9680)

MARC details
000 -LEADER
fixed length control field 00365nam a22001337a 4500
003 - CONTROL NUMBER IDENTIFIER
control field OSt
005 - DATE AND TIME OF LATEST TRANSACTION
control field 20251021104821.0
008 - FIXED-LENGTH DATA ELEMENTS--GENERAL INFORMATION
fixed length control field 251021b |||||||| |||| 00| 0 eng d
040 ## - CATALOGING SOURCE
Transcribing agency HODDER EDUCATION
050 ## - LIBRARY OF CONGRESS CALL NUMBER
Classification number PL 8704 .M87 2014
245 ## - TITLE STATEMENT
Title THE MYSTERY OF RUKODZI MOUNTAIN
Statement of responsibility, etc. MUSARIRI, BLESSING
260 ## - PUBLICATION, DISTRIBUTION, ETC.
Place of publication, distribution, etc. HACHETTE UK
Name of publisher, distributor, etc. HODDER EDUCATION
Date of publication, distribution, etc. 2014
942 ## - ADDED ENTRY ELEMENTS (KOHA)
Source of classification or shelving scheme Library of Congress Classification
Koha item type Books
Suppress in OPAC No

No items available.